000 00581nam a2200181Ia 4500
003 GCL
008 140319s9999 xx 000 0 ara d
040 _aGCL /
_cGCL
082 0 4 _aد
_b050
100 1 _aفيليب عطية
245 1 0 _aامراض الفقر المشكلات الصحية فى العالم الثالث (عالم المعرفة 161) /
_cفيليب عطية
300 _a319 ص
490 _aعالم المعرفة
_v0
650 0 4 _aالدول النامية
650 0 4 _aالاحوال الاقتصادية
650 0 4 _aالامراض
942 _2ddc
_cBK
999 _c45644
_d45644